Pokémon - Champions d'Arène - Lovis (N2/B2) - Statistiques

Statistiques générales
  • Ce quiz a été pris 19 fois
  • Le résultat moyen est 75 sur 99
Statistiques - réponses
Hint Réponse % Correct
Type Eau
100%
Type Eau
100%
Type Eau
100%
Type Eau
100%
Type Eau
100%
Type Eau
100%
Type Eau
100%
Type Eau
100%
Type Eau
100%
Type Eau
100%
Type Eau
100%
Type Eau
100%
Léviator
100%
Léviator
100%
Type Sol
100%
Type Sol
100%
Type Sol
100%
Type Vol
100%
Type Vol
100%
Type Acier
92%
Type Acier
92%
Capacités Blizzard
92%
Capacités Blizzard
92%
Capacités Blizzard
92%
Type Combat
92%
Capacités Hydrocanon
92%
Type Plante
92%
Capacités Séisme
92%
Capacités Séisme
92%
Capacités Surf
92%
Capacités Surf
92%
Capacités Surf
92%
Tritosor
92%
Tritosor
92%
Capacités Aqua-Jet
83%
Capacités Aqua-Jet
83%
Capacités Colère
83%
Capacités Colère
83%
Capacités Exploforce
83%
Capacités Exploforce
83%
Capacités Exploforce
83%
Ludicolo
83%
Maraiste
83%
Mustéflott
83%
Mustéflott
83%
Capacités Poinglace
83%
Capacités Poinglace
83%
Capacités Poinglace
83%
Capacités Soin
83%
Tartard
83%
Capacités Telluriforce
83%
Capacités Telluriforce
83%
Talent Torrent
83%
Talent Torrent
83%
Capacités Cascade
75%
Capacités Danse Draco
75%
Capacités Danse Draco
75%
Talent Glissade
75%
Talent Glissade
75%
Capacités Gonflette
75%
Capacités Gonflette
75%
Talent Intimidation
75%
Talent Intimidation
75%
Capacités Nœud Herbe
75%
Capacités Nœud Herbe
75%
Pingoléon
75%
Pingoléon
75%
Objet Restes
75%
Capacités Ébullition
67%
Capacités Hydroqueue
67%
Capacités Hydroqueue
67%
Capacités Hydroqueue
67%
Capacités Lame de Roc
67%
Luminéon
67%
Capacités Malédiction
67%
Objet Orbe Vie
67%
Capacités Vent Glace
67%
Capacités Danse-Pluie
58%
Capacités Danse Pluie
58%
Capacités Danse Pluie
58%
Capacités Demi-Tour
58%
Capacités Giga-Sangsue
58%
Capacités Mitra-Poing
58%
Capacités Ocroupi
58%
Capacités Riposte
58%
Objet Baie Abriko
50%
Objet Baie Sailak
50%
Capacités Hypnose
42%
Objet Baie Ratam
33%
Objet Baie Ratam
33%
Capacités Danse-Plume
33%
Capacités Danse-Plume
33%
Objet Baie Lichii
25%
Objet Baie Parma
25%
Objet Baie Parma
25%
Objet Joyau Glace
25%
Capacités Stockage
25%
Objet Baie Pitaye
17%
Objet Baie Pitaye
17%
Aucun quiz correspondant
Distribution des résultats
% des personnes avec chaque résultat
Percentile par nombre de réponses
Votre historique - résultats
Vous n’avez pas pris ce quiz